00420nam a2200169Ia 4500008004100000041001200041082001100053100002400064245003600088365000600124520001200130546001200142630003600154650001200190655001200202730003600214101110s9999 xx 000 0 und d aENGLISH bSR6378 aChandrashekharam V. aThe Life Divine : A Brief Study b2 aEnglish aENGLISH aThe Life Divine : A Brief Study aEnglish aEnglish aThe Life Divine : A Brief Study